[Event "OMA-chT 6th"]
[Site "Muscat"]
[Date "2023.08.08"]
[Round "7.4"]
[White "Al Darwashi, Anas"]
[Black "Al Mamari, Said Ahmed"]
[Result "1/2-1/2"]
[WhiteElo "1717"]
[BlackElo "1523"]
[PlyCount "106"]
[EventDate "2023.08.03"]
[EventType "team-swiss"]
[EventRounds "9"]
[EventCountry "OMN"]
[SourceTitle "EXT 2024"]
[Source "ChessBase"]
[SourceDate "2023.10.10"]
[SourceVersion "1"]
[SourceVersionDate "2023.10.10"]
[SourceQuality "1"]
[WhiteTeam "Salalah"]
[BlackTeam "Masirah Blue"]
[WhiteTeamCountry "OMN"]
[BlackTeamCountry "OMN"]

1. e4 c6 2. d4 d5 3. exd5 cxd5 4. Bd3 Nc6 5. c3 Nf6 6. Bf4 Bg4 7. Nf3 e6 8. Nbd2 Bd6 9. Bg3 Rb8 10. Qc2 0-0 11. Be5 g6 12. h3 Bf5 13. g4 Bxd3 14. Qxd3 Bxe5 15. Nxe5 Nxe5 16. dxe5 Nd7 17. Qg3 Qc7 18. f4 f6 19. Nf3 fxe5 20. fxe5 Nc5 21. Nd2 Qxe5+ 22. Qxe5 Nd3+ 23. Kd1 Nxe5 24. Re1 Nd3 25. Rxe6 Nxb2+ 26. Kc2 Rf2 27. Rae1 Nc4 28. R1e2 Rbf8 29. Nxc4 dxc4 30. Kd2 R8f3 31. R6e3 Rxe3 32. Kxe3 Rxe2+ 33. Kxe2 Kf7 34. Ke3 Ke6 35. Kd4 Kf6 36. a4 Kg5 37. Kxc4 Kh4 38. Kb5 Kxh3 39. c4 Kxg4 40. c5 h5 41. a5 h4 42. a6 bxa6+ 43. Kxa6 h3 44. c6 h2 45. c7 h1Q 46. c8Q+ Kg3 47. Qc7+ Kg4 48. Qd7+ Kg5 49. Qe7+ Kf4 50. Qf7+ Ke5 51. Qg7+ Kf5 52. Qf7+ Ke5 53. Qg7+ Kd5 1/2-1/2

[Event "OMA-chT 6th"]
[Site "Muscat"]
[Date "2023.08.06"]
[Round "5.3"]
[White "Al Dhiyabi, Mohammed"]
[Black "Al Mamari, Said Ahmed"]
[Result "0-1"]
[WhiteElo "1520"]
[BlackElo "1523"]
[PlyCount "107"]
[EventDate "2023.08.03"]
[EventType "team-swiss"]
[EventRounds "9"]
[EventCountry "OMN"]
[SourceTitle "EXT 2024"]
[Source "ChessBase"]
[SourceDate "2023.10.10"]
[SourceVersion "1"]
[SourceVersionDate "2023.10.10"]
[SourceQuality "1"]
[WhiteTeam "Taqah"]
[BlackTeam "Masirah Blue"]
[WhiteTeamCountry "OMN"]
[BlackTeamCountry "OMN"]

1. d4 d5 2. Bf4 Nf6 3. e3 Bf5 4. Bd3 Bg6 5. Nf3 e6 6. Ne5 Bxd3 7. cxd3 c5 8. Qa4+ Nbd7 9. Nd2 cxd4 10. Qxd4 Rc8 11. 0-0 Bc5 12. Qa4 0-0 13. Rac1 Bb6 14. d4 Nxe5 15. Bxe5 Qe7 16. h3 h6 17. b4 Nd7 18. Bg3 e5 19. Nb3 exd4 20. exd4 Nf6 21. Bh4 g5 22. Bg3 Ne4 23. Nc5 Nxg3 24. fxg3 Qe3+ 25. Kh2 Bc7 26. Qb3 Bxg3+ 27. Kh1 Qxb3 28. Nxb3 b6 29. b5 Bf4 30. Rxc8 Rxc8 31. Rf2 Re8 32. g4 Re3 33. Rc2 Rxh3+ 34. Kg1 Kg7 35. Re2 Kf6 36. Rc2 Rg3+ 37. Rg2 Re3 38. Rc2 Re1+ 39. Kg2 Rd1 40. Rc6+ Kg7 41. Rc8 Be3 42. Rd8 Rb1 43. Rxd5 Rb2+ 44. Kf3 Bf4 45. Rd7 Rxa2 46. Ke4 Ra3 47. Nc5 bxc5 48. dxc5 Be3 49. c6 Bb6 50. Rd5 Ra4+ 51. Kf3 Rc4 52. Kg3 Kg6 53. Rf5 Rxg4+ 54. Kf3 0-1

[Event "OMA-chT 6th"]
[Site "Muscat"]
[Date "2023.08.05"]
[Round "3.3"]
[White "Al Mamari, Said Ahmed"]
[Black "Al Farsi, Mohammed Ali"]
[Result "1-0"]
[WhiteElo "1523"]
[BlackElo "1444"]
[PlyCount "91"]
[EventDate "2023.08.03"]
[EventType "team-swiss"]
[EventRounds "9"]
[EventCountry "OMN"]
[SourceTitle "EXT 2024"]
[Source "ChessBase"]
[SourceDate "2023.10.10"]
[SourceVersion "1"]
[SourceVersionDate "2023.10.10"]
[SourceQuality "1"]
[WhiteTeam "Masirah Blue"]
[BlackTeam "Quritat"]
[WhiteTeamCountry "OMN"]
[BlackTeamCountry "OMN"]

1. d4 Nf6 2. Nf3 d5 3. Bf4 Bf5 4. e3 e6 5. Be2 Be7 6. 0-0 0-0 7. c4 c6 8. Nc3 Nbd7 9. Nh4 Bg6 10. Nxg6 hxg6 11. c5 b6 12. Ba6 bxc5 13. Bb7 cxd4 14. exd4 c5 15. dxc5 Bxc5 16. Bxa8 Qxa8 17. Na4 Be7 18. Rc1 Rc8 19. Qf3 Ne4 20. Rxc8+ Qxc8 21. Rc1 Qa6 22. b3 g5 23. Bg3 Ndc5 24. Nxc5 Bxc5 25. a4 Qb6 26. Rc2 Qb4 27. Qe2 Qxb3 28. Rb2 Qxa4 29. Rb8+ Bf8 30. h3 Qa1+ 31. Kh2 Nxg3 32. fxg3 Qa4 33. Qe5 Qd7 34. Qxg5 f6 35. Qd2 Kf7 36. Qb2 Be7 37. Rb7 Qd6 38. Rxa7 d4 39. Qb5 e5 40. Rd7 Qe6 41. h4 Kf8 42. Rb7 Kf7 43. Rb8 Qd6 44. Qe8+ Ke6 45. Qc8+ Kf7 46. h5 1-0

[Event "OMA-ch 10th"]
[Site "Muscat"]
[Date "2023.02.17"]
[Round "2"]
[White "Qatan, Said Mahad"]
[Black "Al Mamari, Said Ahmed"]
[Result "0-1"]
[WhiteElo "1637"]
[BlackElo "1443"]
[PlyCount "88"]
[EventDate "2023.02.16"]
[EventType "swiss"]
[EventRounds "9"]
[EventCountry "OMN"]
[SourceTitle "EXT 2024"]
[Source "ChessBase"]
[SourceDate "2023.10.10"]
[SourceVersion "1"]
[SourceVersionDate "2023.10.10"]
[SourceQuality "1"]

1. e4 d5 2. exd5 Qxd5 3. Nc3 Qa5 4. b4 Qxb4 5. Rb1 Qd6 6. Bc4 a6 7. d4 Nf6 8. Nf3 b5 9. Bd3 Bb7 10. a4 b4 11. 0-0 e6 12. Na2 a5 13. c4 Be7 14. Re1 c5 15. dxc5 Qxc5 16. Be3 Qh5 17. Be2 Ng4 18. Bf4 Qc5 19. Bg3 0-0 20. h3 Rd8 21. Qc2 Nf6 22. Nc3 Na6 23. Ne5 Bd6 24. Bd3 bxc3 25. Rxb7 Nb4 26. Qxc3 Bxe5 27. Rxe5 Qc6 28. Rxb4 axb4 29. Qxb4 Rxd3 30. Rc5 Qe4 31. a5 Rd1+ 32. Kh2 Qe1 33. Qxe1 Rxe1 34. Rb5 Rc1 35. c5 Ne4 36. Bd6 Nxd6 37. cxd6 Rd1 38. a6 Rxd6 39. a7 Kf8 40. Rb7 Ke8 41. Kg3 g6 42. Kf4 Kf8 43. g4 Kg7 44. Ke4 Ra6 0-1

[Event "OMA-ch"]
[Site "Muscat"]
[Date "2022.02.15"]
[Round "7"]
[White "Al Mamari, Said Ahmed"]
[Black "Musallam Salim, Al Aamri"]
[Result "1/2-1/2"]
[WhiteElo "1347"]
[BlackElo "1711"]
[PlyCount "131"]
[EventDate "2022.02.10"]
[EventType "swiss"]
[EventRounds "9"]
[EventCountry "OMN"]
[SourceTitle "EXT 2023"]
[Source "ChessBase"]
[SourceDate "2022.10.05"]
[SourceVersion "1"]
[SourceVersionDate "2022.10.05"]
[SourceQuality "1"]

1. d4 c5 2. d5 e5 3. e4 d6 4. Nc3 f5 5. Qh5+ g6 6. Bb5+ Bd7 7. Qe2 a6 8. Bxd7+ Qxd7 9. a4 Nf6 10. Nf3 Bg7 11. exf5 Qxf5 12. Ng5 0-0 13. Ne6 Nbd7 14. Nxf8 Rxf8 15. f3 Qh5 16. Be3 Qh4+ 17. g3 Qb4 18. Bd2 Qd4 19. Be3 Qb4 20. Bd2 Qb6 21. a5 Qc7 22. Qc4 e4 23. fxe4 Ne5 24. Qe2 Nfg4 25. Bf4 g5 26. Bxe5 Nxe5 27. Rf1 g4 28. Rxf8+ Bxf8 29. 0-0-0 Qxa5 30. Kb1 b5 31. Na2 Bg7 32. h3 gxh3 33. Qh5 Qd8 34. Qxh3 a5 35. Rh1 h6 36. Qe6+ Kh7 37. Qf5+ Kg8 38. Qe6+ Kh8 39. g4 Nc4 40. Rxh6+ Bxh6 41. Qxh6+ Kg8 42. Qg6+ Kf8 43. Qh6+ Kf7 44. g5 Qg8 45. Qe6+ Kf8 46. Qf6+ Qf7 47. Qd8+ Kg7 48. Nc3 b4 49. Nb5 Nd2+ 50. Ka2 Nxe4 51. Nc7 a4 52. Ne6+ Kg6 53. Nf8+ Kf5 54. Ne6 a3 55. bxa3 Nc3+ 56. Kb2 Nxd5 57. Nxc5 dxc5 58. axb4 cxb4 59. Kc1 Ke4 60. Qd6 Qf4+ 61. Qxf4+ Kxf4 62. g6 Ke4 63. g7 Nf6 64. Kb2 Kd4 65. Kb3 Kc5 66. c3 1/2-1/2

[Event "OMA-ch"]
[Site "Muscat"]
[Date "2021.09.25"]
[Round "4"]
[White "Al Mamari, Said Ahmed"]
[Black "Fadhil, Salim Ahmed"]
[Result "1-0"]
[WhiteElo "1257"]
[BlackElo "1653"]
[PlyCount "74"]
[EventDate "2021.09.22"]
[EventType "swiss"]
[EventRounds "9"]
[EventCountry "OMN"]
[SourceTitle "EXT 2023"]
[Source "ChessBase"]
[SourceDate "2022.10.05"]
[SourceVersion "1"]
[SourceVersionDate "2022.10.05"]
[SourceQuality "1"]

1. d4 e6 2. Nf3 d5 3. Bf4 Nf6 4. e3 a6 5. c4 Bd6 6. Bg5 c5 7. cxd5 exd5 8. Nc3 c4 9. Be2 Be6 10. 0-0 h6 11. Bh4 g5 12. Bg3 g4 13. Nd2 Qc7 14. e4 Bxg3 15. fxg3 Nbd7 16. exd5 Bxd5 17. Nxd5 Nxd5 18. Bxc4 N7f6 19. Bxd5 Nxd5 20. Qxg4 Kf8 21. Qh5 Rd8 22. Rxf7+ Qxf7 23. Rf1 Qxf1+ 24. Kxf1 Kg7 25. Qe5+ Kh7 26. Nf3 Rhf8 27. Kg1 Nb4 28. Qe4+ Kg8 29. Qg6+ Kh8 30. Qxh6+ Kg8 31. Qg6+ Kh8 32. Ng5 Rd7 33. Qh6+ Kg8 34. Qe6+ Rdf7 35. Nxf7 Rxf7 36. d5 Kg7 37. Qg4+ Kf8 1-0